| 000 | 00637nam a22001817a 4500 | ||
|---|---|---|---|
| 999 |
_c20795 _d20795 |
||
| 003 | AR-CdUCM | ||
| 008 | 190605b ||||| |||| 00| 0 spa d | ||
| 040 |
_aMUNICIPALIDAD PROVINCIAL DEL CUSCO _cBIBLIOTECA MUNICIPAL DEL CUSCO |
||
| 082 |
_a940.48 / _bG62 |
||
| 100 |
_aGobsch, Hanns _943434 |
||
| 245 | _aEuropa en delirio 1934 / | ||
| 260 |
_aSantiago: _bErcilla, _c1933. |
||
| 300 |
_a218 páginas; _c20 cm. |
||
| 505 | _aContenido: Es el atardecer del 20 de Agosto -- Aquella noche se escucha tiroteo de fusil -- sobre la pobre y triste de tirana... | ||
| 650 |
_aHistoria _9246 |
||
| 650 |
_aEuropa _91221 |
||
| 942 |
_2ddc _cLIBROS |
||